| 000 | 00447nam a2200145Ia 4500 | ||
|---|---|---|---|
| 008 | 211109s9999||||xx |||||||||||||| ||und|| | ||
| 082 |
_a891.436 _bBHA-A |
||
| 100 | _aBhasik Aur Govind Chalakji, | ||
| 245 | 0 | _aAdhunik Hindi Natak | |
| 260 |
_bRajkamal Prakashan Pvt Ltd Delhi _aOxford City Press _c1900 |
||
| 300 | _a320p. | ||
| 630 | _xGeneral stack | ||
| 650 |
_aHindi literature _vHindi fiction _xLiterature & rhetoricGeneralia |
||
| 942 | _cBOOK | ||
| 999 |
_c51384 _d51384 |
||